Cuentos de humo.

Guardat en:
Dades bibliogràfiques
Autor principal: Cabrera Infante, Guillermo (autor)
Altres autors: Cardoso Pires, José (autor), Diego, Estrella de (autora), Toro, Suso de (autor), Loriga, Ray (autor), Martínez de Pisón, Ignacio (autor), Merino, José María (autor), Millás, Juan José (autor), Ribeyro, Julio Ramón (autor), Sánchez-Andrade, Cristina (autora), Sepúlveda, Luis (autor), Zarraluki, Pedro (autor), Sánchez, Yvette (epílogo)
Format: Llibre
Idioma:anglès
Publicat: [Madrid, España]: Ediciones Siruela, 2002.
Edició:2a. edición.
Matèries:
Etiquetes: Afegir etiqueta
Sense etiquetes, Sigues el primer a etiquetar aquest registre!

MARC

LEADER 00000nam a22000007a 4500
003 CL-VaPUC
005 20241121122637.0
008 241114t2002 ||||| |||| 00| 0 eng d
999 |c 445689  |d 445687 
020 |a 84-7844-582-X 
040 |c Pontificia Universidad Católica de Valparaíso 
082 |2 22  |a 863.5 CAB 2002 
100 |9 315651  |a Cabrera Infante, Guillermo  |e autor 
245 |a Cuentos de humo. 
250 |a 2a. edición. 
260 |a [Madrid, España]:  |b Ediciones Siruela,  |c 2002. 
300 |a 252 páginas. 
500 |a c.1 Donación. Memo EDU. 12-11-2024. 
583 |c 20241114  |k Yessy Sthefany Diaz Vidal 
650 0 |9 267960  |a Cuentos españoles  |x Fumadores, cigarrillos, etc.  |y Siglo 21 
650 0 |9 306261  |a Literatura española  |x Adicción al tabaco   |y Siglo 21 
700 |9 575624  |a Cardoso Pires, José  |e autor 
700 |9 590565  |a Diego, Estrella de  |e autora 
700 |9 893773  |a Toro, Suso de  |e autor 
700 |9 434897  |a Loriga, Ray  |e autor 
700 |9 568716  |a Martínez de Pisón, Ignacio  |e autor 
700 |9 604255  |a Merino, José María  |e autor 
700 |9 480618  |a Millás, Juan José  |e autor 
700 |9 420196  |a Ribeyro, Julio Ramón  |e autor 
700 |9 893774  |a Sánchez-Andrade, Cristina   |e autora 
700 |9 323624  |a Sepúlveda, Luis  |e autor 
700 |9 893775  |a Zarraluki, Pedro  |e autor 
700 |9 893776  |a Sánchez, Yvette  |e epílogo 
942 |2 ddc  |c BK 
952 |0 0  |1 0  |2 ddc  |4 0  |6 863_500000000000000_CAB_2002  |7 0  |8 A  |9 597998  |a BIBEDU  |b BIBEDU  |d 2024-11-14  |e Donación   |i 5663223  |o 863.5 CAB 2002  |p 5663223  |r 2024-11-14  |t 1  |w 2024-11-14  |y BK  |k EDU